Number systems (Record no. 58859)
[ view plain ]
| 000 -LEADER | |
|---|---|
| fixed length control field | 00564 a2200205 4500 |
| 041 ## - LANGUAGE CODE | |
| Language code of text/sound track or separate title | Eng |
| 082 ## - DEWEY DECIMAL CLASSIFICATION NUMBER | |
| Classification number | 512.81 |
| Item number | K241n |
| 100 ## - MAIN ENTRY--PERSONAL NAME | |
| Personal name | Keedy, Mervin Laverne |
| 9 (RLIN) | 19075 |
| 245 ## - TITLE STATEMENT | |
| Title | Number systems |
| Remainder of title | a modern introduction |
| 260 ## - PUBLICATION, DISTRIBUTION, ETC. | |
| Place of publication, distribution, etc. | Reading, Mass |
| Name of publisher, distributor, etc. | Addison Wesley |
| Date of publication, distribution, etc. | 1965 |
| 300 ## - PHYSICAL DESCRIPTION | |
| Extent | ix, 226p. illus. |
| 504 ## - BIBLIOGRAPHY, ETC. NOTE | |
| Bibliography, etc. note | Bibliography: p. 205-206 |
| 650 ## - SUBJECT ADDED ENTRY--TOPICAL TERM | |
| Topical term or geographic name entry element | Mathematical analysis |
| 9 (RLIN) | 6019 |
| 650 ## - SUBJECT ADDED ENTRY--TOPICAL TERM | |
| Topical term or geographic name entry element | Arithmetic |
| 9 (RLIN) | 8058 |
| 650 ## - SUBJECT ADDED ENTRY--TOPICAL TERM | |
| Topical term or geographic name entry element | Number systems |
| 9 (RLIN) | 8391 |
| 650 ## - SUBJECT ADDED ENTRY--TOPICAL TERM | |
| Topical term or geographic name entry element | Sets theory |
| 9 (RLIN) | 19077 |
| 653 ## - INDEX TERM--UNCONTROLLED | |
| Uncontrolled term | Mathematics |
| 942 ## - ADDED ENTRY ELEMENTS (KOHA) | |
| Source of classification or shelving scheme | Dewey Decimal Classification |
| Koha item type | General Collections |
| 518 ## - DATE/TIME AND PLACE OF AN EVENT NOTE | |
| -- | 2067-11-9 |
No items available.
